00386nam a22001217a 4500003000400000008004100004020001800045100004200063245009000105260003700195300001000232650002200242OSt201119b ||||| |||| 00| 0 eng d a9788170189411 aRao, A.V. Krishan & Madhavi Menon, K. aKamala Markandayab A critical study of her novels, 1954-1982 (Indian writers series) aNew DelhibB.R. Publishingc2017 a200p. aB.A Hons. English